Dios, Iglesia, sacerdocio
I tiakina i:
| Kaituhi matua: | |
|---|---|
| Hōputu: | Pukapuka |
| Reo: | Pāniora |
| I whakaputaina: |
Madrid
Rialp
1956
|
| Putanga: | 2a. ed |
| Ngā marau: | |
| Ngā Tūtohu: |
Tāpirihia he Tūtohu
Kāore He Tūtohu, Me noho koe te mea tuatahi ki te tūtohu i tēnei pūkete!
|
MARC
| LEADER | 00000nam a2200000 a 4500 | ||
|---|---|---|---|
| 001 | UCQ2207 | ||
| 003 | CL-VaPUC | ||
| 008 | 980721e19560000SP |||||||||||||||||spa|d | ||
| 082 | 0 | 4 | |a 253 |b SUH |2 21 |
| 100 | 0 | |a Suhard, Emmanuel |e author |9 416169 | |
| 245 | 1 | 0 | |a Dios, Iglesia, sacerdocio |
| 250 | |a 2a. ed | ||
| 300 | |a 434 p | ||
| 942 | |c BK | ||
| 945 | |d 19980721 00:00:00 |a aalvarez | ||
| 260 | |a Madrid |b Rialp |c 1956 | ||
| 650 | 7 | |a CARTAS PASTORALES |2 CL-VaPUC |9 416170 | |
| 650 | 0 | |a Teología pastoral |9 257832 | |
| 583 | |a last modification |c 19980721 00:00:00 |k Rodrigo Vera | ||
| 999 | |c 273047 |d 273045 | ||
| 952 | |0 0 |1 0 |4 0 |6 253_000000000000000_SUH_1956 |7 0 |8 A |9 308320 |a BIBTEO |b BIBTEO |d 2019-11-20 |i 3383369 |o 253 SUH 1956 |p 3383369 |r 2025-01-17 |w 2019-11-20 |y BK |k ICR | ||
| 952 | |0 0 |1 2 |4 0 |6 253_000000000000000_SUH_1956 |7 0 |8 A |9 308321 |a BIBTEO |b BIBTEO |d 2019-11-20 |i 3383415 |o 253 SUH 1956 |p 3383415 |r 2019-11-20 |w 2019-11-20 |x Descarte 2019 |y BK |k ICR | ||